LEADER 00858nam0-22003011i-450- 001 990002958280403321 010 $a88-458-0420-8 035 $a000295828 035 $aFED01000295828 035 $a(Aleph)000295828FED01 035 $a000295828 100 $a20000920d1999----km-y0itay50------ba 101 0 $aITA 200 1 $aAncona$ecensimento intermedio dell'industria e dei servizi, 31 dicembre 1996$fIstituto Nazionale di Statistica 210 $aRoma$cIstat$d1999 215 $a85 p.$d29 cm 300 $aVol.42 610 0 $aCensimento intermedio industria e servizi$aAncona$a1996 676 $a351.81 700 1$aIstat$0445627 801 0$aIT$bUNINA$gRICA$2UNIMARC 901 $aBK 912 $a990002958280403321 952 $aCDI-CENS96Anc-Pos-174$b7221$fMAS 959 $aMAS 996 $aAncona$9466213 997 $aUNINA DB $aING01 LEADER 02048nam0 22004093i 450 001 CFI0177187 005 20251003044129.0 100 $a20081205d1990 ||||0itac50 ba 101 | $aita$cita 102 $ait 181 1$6z01$ai $bxxxe 182 1$6z01$an 183 1$6z01$anc$2RDAcarrier 200 1 $aGruppi di imprese e mercato finanziario$ela struttura di potere nell'industria italiana$fFrancesco Brioschi, Luigi Buzzacchi, Massimo G. Colombo 210 $aRoma$cNIS$d1990 215 $a204 p.$cill.$d22 cm. 225 | $aStudi superiori NIS$v88 410 0$1001CFI0012515$12001 $aStudi superiori NIS$v88 500 10$aGruppi di imprese e mercato finanziario$3UBO4606641$9CFIV102178$94215950 676 $a332$9ECONOMIA FINANZIARIA$v12 676 $a338.0945$9PRODUZIONE. Italia$v21 676 $a338.70945$9IMPRESE E LORO STRUTTURA. ITALIA$v20 676 $a338.70945$9IMPRESE. Italia$v23 676 $a338.80945$9FUSIONI DI IMPRESE (CONCENTRAZIONE). ITALIA$v19 700 1$aBrioschi$b, Francesco$f <1938-2024>$3CFIV102178$4070$01768073 701 1$aColombo$b, Massimo G.$3CFIV088244$4070$083966 701 1$aBuzzacchi$b, Luigi$3CFIV102394$4070$0115703 790 1$aColombo$b, Massimo C.$3CFIV236914$zColombo, Massimo G. 801 3$aIT$bIT-000000$c20081205 850 $aIT-BN0095 $aIT-NA0452 901 $bNAP IS$cISFSE $nSezione di materie economiche e sociali dell' ex Istituto sulle strutture finanziarie e lo sviluppo economico 901 $bNAP 01$cPOZZO LIB.$nVi sono collocati fondi di economia, periodici di ingegneria e scienze, periodici di economia e statistica e altri fondi comprendenti documenti di economia pervenuti in dono. 912 $aCFI0177187 950 0$aBiblioteca Centralizzata di Ateneo$c1 v.$d 01POZZO LIB.ECON MON 6387$e 0101 0070047125E VMA 1 v. (Precedente collocazione 4 Ec 712)$fB $h20220713$i20220713 977 $a 01$a IS 996 $aGruppi di imprese e mercato finanziario$94215950 997 $aUNISANNIO